Historia general de la emigración española a Iberoamérica

Guardat en:
Dades bibliogràfiques
Format: Llibre
Idioma:espanyol
Publicat: Madrid Dedeal 1992
Col·lecció:Historia, 16
Matèries:
Etiquetes: Afegir etiqueta
Sense etiquetes, Sigues el primer a etiquetar aquest registre!

MARC

LEADER 00000nam a2200000 a 4500
001 UCL2389
003 CL-VaPUC
008 031017e19920000SP |||||||||||||||||spa|d
020 |a 8476792336 
020 |a 8476792328v.1 
020 |a 847679231Xv.2 
082 0 4 |a 946.03  |b HIS  |2 21 
245 1 0 |a Historia general de la emigración española a Iberoamérica 
300 |a 2 v 
942 |c BK 
945 |d 20031017 00:00:00  |a cmena 
260 |a Madrid  |b Dedeal  |c 1992 
650 7 |a HISTORIA ESPAÑOLA  |2 CL-VaPUC  |9 321819 
650 0 |a Emigración  |9 343094 
650 0 |a Conquista de América   |9 445170 
650 0 |a Antropología cultural y social   |9 265143 
650 0 |a Desarrollo económico  |9 259599 
583 |a last modification  |c 20031017 00:00:00  |k Rodrigo Vera 
490 0 |a Historia, 16 
999 |c 305728  |d 305726 
952 |0 0  |1 0  |4 0  |6 946_030000000000000_HIS_1992  |7 0  |8 A  |9 370017  |a BIBHIS  |b BIBHIS  |d 2019-11-21  |h v.1  |i 3955850  |o 946.03 HIS 1992  |p 3955850  |r 2025-01-20  |w 2019-11-21  |y BK  |k HIS 
952 |0 0  |1 0  |4 0  |6 946_030000000000000_HIS_1992  |7 0  |8 A  |9 370018  |a BIBHIS  |b BIBHIS  |d 2019-11-21  |h v.2  |i 3955869  |o 946.03 HIS 1992  |p 3955869  |r 2025-01-20  |w 2019-11-21  |y BK  |k HIS